Tretie vedecké jubileum prof. Jána Findru na jeho sedemdesiatku

Podrobná bibliografia
Hlavný autor: Patráš, Vladimír, 1959- (Autor)
Médium: Článok
Jazyk:slovenčina
ISSN:0021-5597
Predmet:

MARC

LEADER 00000nab a2200000 a 4500
001 vtls000882967
003 SK-MaSNL
005 20260304110139.0
008 250429c2004 xo 0 slo
015 |a SNBRB2004/08-25027 
035 |a CLN000234449 
035 |a (urnnbn)urn:nbn:sk:snk:ar-0069h1 
035 |a (uuid)396bd4f2-8591-48a7-b44c-cb73e677c944 
035 |a urn:nbn:sk:snk-ab84v9 
040 |a SNKBUCL  |b slo  |c SNKBUCL  |e AACR2 
041 0 |a slo 
044 |a xo  |c SK 
080 |a 81-051  |2 1997 
080 |a 811.162.4-051  |2 1997 
080 |a 37-051  |2 1997 
080 |a 929 Findra, Ján  |2 1997 
100 1 |a Patráš, Vladimír,  |d 1959-  |4 aut  |9 241952 
245 1 0 |a Tretie vedecké jubileum prof. Jána Findru na jeho sedemdesiatku  |c Vladimír Patráš 
600 1 7 |a Findra, Ján,  |d 1934-2019  |2 snkbucl  |9 187447 
655 7 |a články z novín a časopisov  |2 snkbucl  |9 267496 
773 0 |t Jazykovedný časopis  |g Roč. 55, č. 1 (2004), s. 65-69  |x 0021-5597 
850 |a Slovenská národná knižnica 
852 |a Slovenská národná knižnica 
954 |a odborná, vedecká literatúra pôvodná (slovenská)  |2 lita 
958 |a article9 
958 |a OND 
958 |a BX 
958 |a EUIPO 
992 |a RBX 
999 |c 2858688  |d 2860618